Detalles MARC
| 000 -CABECERA |
| campo de control de longitud fija |
01079nam a2200253 a 4500 |
| 001 - NÚMERO DE CONTROL |
| campo de control |
000040670 |
| 003 - IDENTIFICADOR DEL NÚMERO DE CONTROL |
| campo de control |
OSt |
| 005 - FECHA Y HORA DE LA ÚLTIMA TRANSACCIÓN |
| campo de control |
20201005130548.0 |
| 008 - DATOS DE LONGITUD FIJA--INFORMACIÓN GENERAL |
| campo de control de longitud fija |
130905s1952 dr 001 0 spa d |
| 040 ## - FUENTE DE LA CATALOGACIÓN |
| Centro catalogador/agencia de origen |
DO-SdBNP |
| Lengua de catalogación |
spa |
| Centro/agencia transcriptor |
BNPHU |
| 082 ## - NÚMERO DE LA CLASIFICACIÓN DECIMAL DEWEY |
| Número de clasificación |
614 |
| Número de documento/Ítem |
C748a |
| 111 2# - ENTRADA PRINCIPAL--NOMBRE DE CONGRESO/REUNIÓN |
| Nombre de congreso/reunión o jurisdicción como elemento de entrada |
Conferencia Sanitaria Panamericana, Comité Regional, Organización Mundial de la Salud. |
| Número del congreso/reunión o número de parte o sección |
(13 : |
| Fecha del congreso/reunión |
1950 : |
| Sede del congreso/Lugar de la reunión |
Ciudad de Trujillo ) |
| 9 (RLIN) |
76746 |
| 245 00 - MENCIÓN DE TÍTULO |
| Título |
Actas de la décimotercera conferencia sanitaria panamericana : |
| Resto del título |
Comite Regional, Organización Mundial de la Salud. |
| 260 ## - PUBLICACIÓN, DISTRIBUCIÓN, ETC. |
| Lugar de publicación, distribución, etc. |
Ciudad Trujillo, República Dominicana : |
| Nombre del editor, distribuidor, etc. |
Organización Sanitaria Panamericana, |
| Fecha de publicación, distribución, etc. |
1952. |
| 300 ## - DESCRIPCIÓN FÍSICA |
| Extensión |
196 p. ; |
| Dimensiones |
25 cm. |
| 490 1# - MENCIÓN DE SERIE |
| Mención de serie |
Organización Sanitaria Panamericana |
| Designación de volumen o secuencia |
261 |
| 500 ## - NOTA GENERAL |
| Nota general |
Incluye índice alfabético de materias |
| 590 ## - NOTA LOCAL (RLIN) |
| Nota local |
Inventariado, 2019 / DG |
| 650 #4 - PUNTO DE ACCESO ADICIONAL DE MATERIA--TÉRMINO DE MATERIA |
| Término de materia o nombre geográfico como elemento de entrada |
Salud pública |
| Subdivisión de forma |
Congresos, conferencias, etc. |
| 9 (RLIN) |
76749 |
| 710 2# - PUNTO DE ACCESO ADICIONAL--NOMBRE DE ENTIDAD CORPORATIVA |
| Nombre de entidad corporativa o nombre de jurisdicción como elemento de entrada |
Organzación Sanitaria Panamericana |
| 9 (RLIN) |
76747 |
| 830 #0 - PUNTO DE ACCESO ADICIONAL DE SERIE-TÍTULO UNIFORME |
| Título uniforme |
Organización Sanitaria Panamericana |
| Número de parte o sección de la obra |
261 |
| 9 (RLIN) |
76748 |
| 910 ## - DATOS DE OPCIÓN DEL USUARIO (OCLC) |
| Datos de opción del usuario |
Validado. Control de calidad MFF |
| 942 ## - ELEMENTOS DE PUNTO DE ACCESO ADICIONAL (KOHA) |
| Fuente del sistema de clasificación o colocación |
Dewey Decimal Classification |
| Tipo de ítem Koha |
Libros y folletos |